000 00638nam a22002417a 4500
003 UA-OsUOA
001 20753
007 ta
008 20031103b un ||||| |||| 00| 0 ukr d
100 _aУжвий Наталия Михайловна
090 _a929:791.43
_bУ33
942 _cBK
040 _aUA-OsUOA
_brus
_cUA-OsUOA
_dUA-OsUOA
245 _aФильмы, друзья, годы
300 _a57 с.
955 _a0
041 _arus
080 _a929:791.43
260 _aМосква
_bБюро пропаганды советского искусства
_c1977
044 _aUA
650 7 _2UDC
999 _c306935
_d306935